| 000 | 00545nam a2200181 i 4500 | ||
|---|---|---|---|
| 001 | 141335 | ||
| 003 | ES-MaACL | ||
| 005 | 20230906200255.0 | ||
| 007 | t| | ||
| 008 | 070921s1970 sp ||||1| spa d | ||
| 080 | _a32(46)(04) | ||
| 100 | 1 |
_aVillar y Romero, José María. _9115107 |
|
| 245 | 1 | 0 |
_aSiete cartas al Príncipe de España / _cJosé María Villar y Romero. |
| 260 |
_a[Madrid : _bEuroamérica, _c1970] |
||
| 300 |
_a127 p. ; _c18 cm. |
||
| 651 | 4 |
_aEspaña- _xHistoria- _y1955-1975. _98337 |
|
| 852 |
_aES-MaACL _jC-44936 _bR.73817 |
||
| 999 |
_c141335 _d141335 |
||